Estadísticas para Concursantes de Operación Triunfo 2023 (OT2023)

Haz click aquí para intentar la prueba.

Estadísticas generales

  • Esta prueba ha sido intentada 172 veces
  • La puntuación promedio es 17 de 18

Estadísticas de respuestas

PosiciónConcursantes% Correcto
Ganador/aNaiara
99%
Juanjo
97%
Lucas
97%
Martin
97%
Ruslana
97%
Chiara
96%
Paul Thin
96%
Bea
95%
14ºDenna
95%
11ºVioleta
94%
Álvaro Mayo
92%
13ºSalma
92%
10ºCris
91%
15ºOmar
91%
16ºSuzete
91%
12ºÁlex Márquez
90%
Gala 0Edu
82%
Gala 0Lina del Sol
71%

Distribución de puntuación

Porcentaje por número respondido

Porcentaje de gente con cada puntuación

Historial de tus puntuaciones

No has intentado esta prueba.